All Country Flags in Alphabetical Order - Statistics

General Stats
  • This quiz has been taken 41 times
    37 since last reset
  • The average score is 132 of 196
Answer Stats
Picture Answer % Correct
Afghanistan
93%
Albania
93%
Algeria
93%
Argentina
90%
Australia
90%
Austria
90%
Bangladesh
90%
Belgium
90%
Andorra
86%
Bahrain
86%
Barbados
86%
Bhutan
86%
Brazil
86%
Angola
83%
Antigua and Barbuda
83%
Armenia
83%
Azerbaijan
83%
Bahamas
83%
Belarus
83%
Bosnia and Herzegovina
79%
Canada
79%
China
79%
Colombia
79%
Belize
76%
Cambodia
76%
Chile
76%
Cyprus
76%
Denmark
76%
Egypt
76%
Finland
76%
France
76%
Georgia
76%
Greece
76%
Iceland
76%
India
76%
Iran
76%
Iraq
76%
Israel
76%
Italy
76%
Jamaica
76%
Japan
76%
Kazakhstan
76%
Mexico
76%
Morocco
76%
Benin
72%
Botswana
72%
Bulgaria
72%
Cameroon
72%
Chad
72%
Croatia
72%
Cuba
72%
Estonia
72%
Germany
72%
Hungary
72%
Indonesia
72%
Ireland
72%
Jordan
72%
Kenya
72%
Kosovo
72%
Lebanon
72%
Luxembourg
72%
Nepal
72%
Netherlands
72%
New Zealand
72%
Portugal
72%
Romania
72%
South Africa
72%
South Korea
72%
Spain
72%
Sweden
72%
Switzerland
72%
Brunei
69%
Czech Republic
69%
Ecuador
69%
Ethiopia
69%
Ghana
69%
Kiribati
69%
Latvia
69%
Liberia
69%
Libya
69%
Malaysia
69%
Moldova
69%
Monaco
69%
North Korea
69%
Norway
69%
Pakistan
69%
Poland
69%
Qatar
69%
Russia
69%
Saudi Arabia
69%
Seychelles
69%
Sri Lanka
69%
Thailand
69%
Turkey
69%
Ukraine
69%
United Kingdom
69%
United States
69%
Burundi
66%
Central African Republic
66%
Cote D'ivoire
66%
Democratic Republic of the Congo
66%
Dominica
66%
Dominican Republic
66%
Eswatini
66%
Haiti
66%
Honduras
66%
Kuwait
66%
Laos
66%
Liechtenstein
66%
Mongolia
66%
Montenegro
66%
North Macedonia
66%
Philippines
66%
Serbia
66%
Slovakia
66%
Slovenia
66%
Somalia
66%
South Sudan
66%
Syria
66%
Uganda
66%
Vatican City
66%
Vietnam
66%
Burkina Faso
62%
Comoros
62%
Djibouti
62%
El Salvador
62%
Eritrea
62%
Fiji
62%
Gambia
62%
Guatemala
62%
Guinea
62%
Kyrgyzstan
62%
Lithuania
62%
Malawi
62%
Maldives
62%
Malta
62%
Micronesia
62%
Mozambique
62%
NIgeria
62%
Panama
62%
Senegal
62%
Sudan
62%
Trinidad and Tobago
62%
Tunisia
62%
Uruguay
62%
Uzbekistan
62%
Venezuela
62%
Gabon
59%
Guyana
59%
Lesotho
59%
Nicaragua
59%
NIger
59%
Oman
59%
Palau
59%
Papua New Guinea
59%
Paraguay
59%
San Marino
59%
Sao Tome and Principe
59%
Singapore
59%
Taiwan
59%
Turkmenistan
59%
United Arab Emirates
59%
Zambia
59%
Zimbabwe
59%
Bolivia
55%
Costa Rica
55%
Grenada
55%
Guinea Bissau
55%
Madagascar
55%
Mauritania
55%
Myanmar
55%
Namibia
55%
Nauru
55%
Rwanda
55%
Saint Lucia
55%
Saint Vincent and the Grenadines
55%
Suriname
55%
Tajikistan
55%
Togo
55%
Tonga
55%
Tuvalu
55%
Yemen
55%
Equatorial Guinea
52%
Mali
52%
Marshall Islands
52%
Peru
52%
Saint Kitts and Nevis
52%
Samoa
52%
Solomon Islands
52%
Tanzania
52%
Vanuatu
48%
Mauritius
45%
Sierra Leone
45%
Timor Leste
45%
Republic of the Congo
38%
Cabo Verde
34%
No matching quizzes found
Score Distribution
Percent of People with Each Score
Percentile by Number Answered
Your Score History
You have not taken this quiz since the last reset